| 000 | 00526nam a2200181 i 4500 | ||
|---|---|---|---|
| 001 | 97329 | ||
| 003 | ES-MaACL | ||
| 005 | 20230906182100.0 | ||
| 007 | t| | ||
| 008 | 050711s1954 sp ||||1| spa d | ||
| 100 | 1 |
_aMarco, Angel. _976452 |
|
| 245 | 1 | 0 |
_aCasa de caballeros / _cpor Angel Marco; dibujos de Juan Cruz Melero. |
| 260 |
_aCalatayud : _bNavarro, _c1954. |
||
| 300 |
_a30 p. ; _c21 cm. |
||
| 650 | 4 |
_aIglesias- _zCalatayud. _9157699 |
|
| 700 | 1 |
_aCruz Melero, Juan. _941835 |
|
| 852 |
_aES-MaACL _j1986-F-8 _bR.37445 |
||
| 999 |
_c97329 _d97329 |
||